| 000 | 005310000a22001930004500 | ||
|---|---|---|---|
| 999 |
_c47666 _d47666 |
||
| 001 | 423 | ||
| 003 | CO-MdFUSB | ||
| 005 | 20180709160931.0 | ||
| 008 | 180507b xxu||||| |||| 00| 0 eng d | ||
| 020 | _a958-96789-3-9 | ||
| 040 | _cCO-MdBIC | ||
| 082 | 0 | 4 | _a152 Z14e |
| 100 | 1 | _aElorza, Francisco de | |
| 245 | 1 | 0 | _aEstimulación / Francisco de Elorza |
| 260 | _aColombia : Zamora | ||
| 300 | _a79 P. | ||
| 505 | 0 | 0 | _aTomo 1 : Estimulación prenatal Tomo 2 : Estimulación temprana Tomo 3 : Estimulacion Adecuada |
| 942 | _cLGB | ||